Introduction aux structures algebriques
Saved in:
| Main Author: | |
|---|---|
| Format: | Book |
| Language: | French |
| Published: |
Paris :
Dunod,
c1968
|
| Series: | Monographies universitaires de mathematiques ;
; 32 |
| Subjects: | |
| Tags: |
Add Tag
No Tags, Be the first to tag this record!
|
MARC
| LEADER | 00000cam a2200000 i 4500 | ||
|---|---|---|---|
| 001 | 1/4961 | ||
| 008 | 100226s1968 fre d | ||
| 035 | |l 10106997 | ||
| 040 | |a GR-MY-UA |b gre |e aacr | ||
| 041 | 0 | |a fre | |
| 082 | 0 | |a 512.02 |2 (22) | |
| 100 | 1 | |a Levy-Bruhl, J. |q (Jacques), |d 1918- | |
| 245 | 1 | 0 | |a Introduction aux structures algebriques / |c J. Levy-Bruhl |
| 260 | |a Paris : |b Dunod, |c c1968 | ||
| 300 | |a 328 σ.; |b διαγρ.; |c 25 εκ. | ||
| 490 | 1 | |a Monographies universitaires de mathematiques |v ; 32 | |
| 504 | |a Περιέχει βιβλιογραφία και ευρετήριο | ||
| 650 | 0 | 0 | |a Algebra, Abstract. |
| 830 | 0 | |a Monographies universitaires de mathematiques ; |v ; 32 | |
| 852 | |a INST |b SAMOS |c MAG |e 20100226 |h 512.02 LEV |p 005300030536 |q 005300030536 |t BK |y 0 | ||
| 901 | |a BIBL3-2010-1 | ||
| 909 | |a Σ |b 161905 | ||
| 970 | |a ΣΙΤΖΙΜΗ |b ΓΙΑΣΕΜΗ |z 2010/02/26 | ||